LEADER 01819nam 2200493 450 001 9910812313203321 005 20170509164146.0 035 $a(CKB)3710000001024777 035 $a(MiAaPQ)EBC4791149 035 $a(DLC) 2017002347 035 $a(EXLCZ)993710000001024777 100 $a20170118h20172017 uy| 0 101 0 $aeng 135 $aurcnu|||||||| 181 $2rdacontent 182 $2rdamedia 183 $2rdacarrier 200 00$aArgument realisation in complex predicates and complex events $everb-verb constructions at the syntax-semantic interface /$fedited by Brian Nolan, Elke Diedrichsen 210 1$aAmsterdam ;$aPhiladelphia :$cJohn Benjamins Publishing Company,$d[2017] 210 4$dİ2017 215 $a1 online resource (464 pages) $cillustrations (some color) 225 1 $aStudies in language companion series,$x0165-7763 ;$vvolume 180 311 $a90-272-5945-3 311 $a90-272-6612-3 320 $aIncludes bibliographical references and index. 410 0$aStudies in language companion series ;$vv. 180. 606 $aGrammar, Comparative and general$xVerb phrase 606 $aGrammar, Comparative and general$xAugmentatives 606 $aGrammar, Comparative and general$xSyntax 606 $aConstruction grammar 615 0$aGrammar, Comparative and general$xVerb phrase. 615 0$aGrammar, Comparative and general$xAugmentatives. 615 0$aGrammar, Comparative and general$xSyntax. 615 0$aConstruction grammar. 676 $a415/.6 702 $aNolan$b Brian$f1952- 702 $aDiedrichsen$b Elke 801 0$bMiAaPQ 801 1$bMiAaPQ 801 2$bMiAaPQ 906 $aBOOK 912 $a9910812313203321 996 $aArgument realisation in complex predicates and complex events$93944830 997 $aUNINA LEADER 01255nas 2200409- 450 001 9910221659403321 005 20240922112947.0 035 $a(OCoLC)973731164 035 $a(CKB)3810000000212179 035 $a(CONSER)--2017201696 035 $a(EXLCZ)993810000000212179 100 $a20170224a20179999 --- a 101 0 $aeng 181 $ctxt$2rdacontent 182 $cn$2rdamedia 183 $anc$2rdacarrier 200 04$aThe learning professional 210 1$aOxford, OH :$cLearning Forward,$d[2017]- 300 $a"The Learning Forward journal." 311 $a2476-194X 606 $aAdult education$zUnited States$vPeriodicals 606 $aTeachers$xTraining of$zUnited States$vPeriodicals 606 $aAdult education$2fast$3(OCoLC)fst00797275 606 $aTeachers$xTraining of$2fast$3(OCoLC)fst01144404 607 $aUnited States$2fast 608 $aPeriodicals.$2lcgft 608 $aPeriodicals.$2fast 615 0$aAdult education 615 0$aTeachers$xTraining of 615 7$aAdult education. 615 7$aTeachers$xTraining of. 676 $a374.973 712 02$aLearning Forward, 906 $aNEWSPAPER 912 $a9910221659403321 996 $aThe learning professional$92021533 997 $aUNINA